Catálogo
 En Linea

Tres ensayos sobre la mujer chilena : (Registro nro. 14281)

Detalles MARC
000 -CABECERA
campo de control de longitud fija 00870cam a2200253 a 4500
001 - NÚMERO DE CONTROL
campo de control 000014698
003 - IDENTIFICADOR DEL NÚMERO DE CONTROL
campo de control DO-SdBNP
005 - FECHA Y HORA DE LA ÚLTIMA TRANSACCIÓN
campo de control 20231114124155.0
008 - DATOS DE LONGITUD FIJA--INFORMACIÓN GENERAL
campo de control de longitud fija 790604s1978 cl a b 000 0 spa
040 ## - FUENTE DE LA CATALOGACIÓN
Centro catalogador/agencia de origen DO-SdBNP
Lengua de catalogación spa
Centro/agencia transcriptor BNPHU
082 #4 - NÚMERO DE LA CLASIFICACIÓN DECIMAL DEWEY
Número de clasificación 305.420983
Número de documento/Ítem T796e
Número de edición 22
245 00 - MENCIÓN DE TÍTULO
Título Tres ensayos sobre la mujer chilena :
Resto del título siglos XVIII-XIX-XX /
Mención de responsabilidad, etc. Lucia Santa Cruz ... [et al.].
260 ## - PUBLICACIÓN, DISTRIBUCIÓN, ETC.
Lugar de publicación, distribución, etc. Santiago, Chile :
Nombre del editor, distribuidor, etc. Universitaria,
Fecha de publicación, distribución, etc. c1978.
300 ## - DESCRIPCIÓN FÍSICA
Extensión 328 p. :
Otras características físicas il. ;
Dimensiones 23 cm.
504 ## - NOTA DE BIBLIOGRAFÍA, ETC.
Nota de bibliografía, etc. Incluye bibliografía: p. 323-327.
650 #4 - PUNTO DE ACCESO ADICIONAL DE MATERIA--TÉRMINO DE MATERIA
Término de materia o nombre geográfico como elemento de entrada Mujeres
Subdivisión geográfica Chile
Subdivisión general Historia
9 (RLIN) 33324
650 #4 - PUNTO DE ACCESO ADICIONAL DE MATERIA--TÉRMINO DE MATERIA
Término de materia o nombre geográfico como elemento de entrada Mujeres
Subdivisión geográfica Chile
Subdivisión general Condiciones económicas
9 (RLIN) 33325
650 #4 - PUNTO DE ACCESO ADICIONAL DE MATERIA--TÉRMINO DE MATERIA
Término de materia o nombre geográfico como elemento de entrada Mujeres
Subdivisión geográfica Chile
Subdivisión general Condiciones sociales
9 (RLIN) 33326
700 1# - PUNTO DE ACCESO ADICIONAL--NOMBRE DE PERSONA
Nombre de persona Santa Cruz, Lucia.
9 (RLIN) 33327
700 1# - PUNTO DE ACCESO ADICIONAL--NOMBRE DE PERSONA
Nombre de persona Pereira, Teresa.
9 (RLIN) 33328
700 1# - PUNTO DE ACCESO ADICIONAL--NOMBRE DE PERSONA
Nombre de persona Zegers, Isabel.
9 (RLIN) 33329
700 1# - PUNTO DE ACCESO ADICIONAL--NOMBRE DE PERSONA
Nombre de persona Maino, Valeria.
9 (RLIN) 33330
942 ## - ELEMENTOS DE PUNTO DE ACCESO ADICIONAL (KOHA)
Fuente del sistema de clasificación o colocación Dewey Decimal Classification
Tipo de ítem Koha Libro
Existencias
Estado de retiro Estado de pérdida Fuente del sistema de clasificación o colocación Restricciones de uso No para préstamo Código de colección Localización permanente Ubicación/localización actual Ubicación en estantería Fecha de adquisición Número de inventario Total de préstamos Signatura topográfica completa Código de barras Fecha visto por última vez Precio válido a partir de Tipo de ítem Koha
    Dewey Decimal Classification Excluido de préstamo   Patrimonio Dominicano Biblioteca Nacional Pedro Henríquez Ureña Biblioteca Nacional Pedro Henríquez Ureña En catalogación 18.01.2010 LF1   305.420983 T796e 14698-10 25.06.2020 25.06.2020 No se presta

Con tecnología Koha